Fundamentals of semiconductor lasers / (Record no. 189271)
[ view plain ]
| 000 -LEADER | |
|---|---|
| fixed length control field | 01088 a2200241 4500 |
| 003 - CONTROL NUMBER IDENTIFIER | |
| control field | Nust |
| 005 - DATE AND TIME OF LATEST TRANSACTION | |
| control field | 20221116155300.0 |
| 010 ## - LIBRARY OF CONGRESS CONTROL NUMBER | |
| LC control number | 2003060811 |
| 020 ## - INTERNATIONAL STANDARD BOOK NUMBER | |
| International Standard Book Number | 9788184893182 |
| 040 ## - CATALOGING SOURCE | |
| Transcribing agency | Nust |
| 082 00 - DEWEY DECIMAL CLASSIFICATION NUMBER | |
| Classification number | 621.366,NUM |
| 100 1# - MAIN ENTRY--PERSONAL NAME | |
| Personal name | Numai, Takahiro. |
| 9 (RLIN) | 102723 |
| 245 10 - TITLE STATEMENT | |
| Title | Fundamentals of semiconductor lasers / |
| Statement of responsibility, etc. | Takahiro Numai. |
| 260 ## - PUBLICATION, DISTRIBUTION, ETC. | |
| Place of publication, distribution, etc. | New York : |
| Name of publisher, distributor, etc. | Springer, |
| Date of publication, distribution, etc. | c2004. |
| 300 ## - PHYSICAL DESCRIPTION | |
| Extent | xii, 259 p. cm. |
| 490 1# - SERIES STATEMENT | |
| Series statement | Springer series in optical sciences ; |
| Volume/sequential designation | 93 |
| 505 ## - FORMATTED CONTENTS NOTE | |
| Formatted contents note | Band Structures (Page-1), Optical Transitions (Page-25), Optical Waveguides (Page-43), Optical Resonators (Page-57), Fundamentals of Semiconductor Lasers (Page-83), Dynamic Single-Mode LDs (Page-167), Quantum Well LDs (Page-179), Control of Spontaneous Emission (Page-203). |
| 650 #0 - SUBJECT ADDED ENTRY--TOPICAL TERM | |
| Topical term or geographic name entry element | Telecommunication Engineering |
| 830 #0 - SERIES ADDED ENTRY--UNIFORM TITLE | |
| Uniform title | Springer series in optical sciences ; |
| 9 (RLIN) | 98141 |
| 856 42 - ELECTRONIC LOCATION AND ACCESS | |
| Materials specified | Publisher description |
| Uniform Resource Identifier | <a href="http://www.loc.gov/catdir/enhancements/fy0818/2003060811-d.html">http://www.loc.gov/catdir/enhancements/fy0818/2003060811-d.html</a> |
| 856 42 - ELECTRONIC LOCATION AND ACCESS | |
| Materials specified | Table of contents only |
| Uniform Resource Identifier | <a href="http://www.loc.gov/catdir/enhancements/fy0818/2003060811-t.html">http://www.loc.gov/catdir/enhancements/fy0818/2003060811-t.html</a> |
| 942 ## - ADDED ENTRY ELEMENTS (KOHA) | |
| Source of classification or shelving scheme | |
| Koha item type | Book |
| Withdrawn status | Lost status | Source of classification or shelving scheme | Damaged status | Not for loan | Permanent Location | Current Location | Shelving location | Date acquired | Full call number | Barcode | Date last seen | Price effective from | Koha item type | Public note |
|---|---|---|---|---|---|---|---|---|---|---|---|---|---|---|
| Military College of Signals (MCS) | Military College of Signals (MCS) | General Stacks | 12/12/2016 | 621.366,NUM | MCS35045 | 12/08/2016 | 12/12/2016 | Book | Almirah No.30, Shelf No.2 |
